000 01111cam a2200409 a 4500
001 49426
003 LIBRIS
005 20230427105051.0
008 111005|2011 sw ||||e| |||| 0|swe||
020 _a978-91-44-06057-6
084 _aDoka
100 1 _aSandberg, Håkan,
_d1950-
245 1 0 _aSamarbetshälsa :
_bom effektivt samarbete och välbefinnande /
_cHåkan Sandberg
250 _a1. uppl.
260 _aLund :
_bStudentlitteratur,
_c2011
300 _a177 s.
650 2 _ainterprofessional relations
650 7 _aArbetslivspsykologi
_2sao
650 7 _aHälsa
650 7 _aSamarbete
650 7 _aOrganizational psychology
650 7 _aTeam work
650 0 _aCooperation
650 0 _aCooperativeness
650 0 _aOrganizational behavior
650 0 _aHealth
653 _aSamarbete
653 _aArbetsgrupper
653 _aHälsa
653 _aOrganisationspsykologi
942 _2z
_cBOOK
999 _c7072